00365nam a2200145Ia 4500008004100000020001800041041000800059082002200067100002000089245002300109260002700132300000800159365001600167700003600183230718s9999 xx 000 0 und d a9780070682153 aeng a338.5'024568bSIV aSivagnanam K.J. aBusiness Economics c2010bTata McGraw-Hill a201 cRs.b130.00 aSivagnanam K.J. & Srinivasan R.